书目信息 |
| 题名: |
天眼
|
|
| 作者: | 马瑞芳 著 | |
| 分册: | ||
| 出版信息: | 北京 北京出版社 1998.01 |
|
| 页数: | 644页 | |
| 开本: | 32开 | |
| 丛书名: | ||
| 单 册: | ||
| 中图分类: | I247.57 | |
| 科图分类: | ||
| 主题词: | 小说--中国 | |
| 电子资源: | ||
| ISBN: | 7-200-03048-1 | |
| 000 | 00512nam0 2200193 45 | |
| 001 | 0008111734 | |
| 005 | 20000811171226.8 | |
| 010 | @a7-200-03048-1@d23.00元 | |
| 100 | @a20000811d1998 km y0chiy0120 ea | |
| 101 | 0 | @achi |
| 105 | @a z 000yy | |
| 200 | 1 | @a天眼@ATian Yan@f马瑞芳著@FMa Rui Fang Zhu |
| 210 | @a北京@c北京出版社@d1998.01 | |
| 215 | @a644页@d32开 | |
| 606 | 0 | @a小说@x中国 |
| 690 | @aI247.57@v3 | |
| 701 | 0 | @a马瑞芳@4著 |
| 801 | @aCN@bPftUser@c20000811 | |
| 905 | @b104582-586@dI247.57@eM251@f5 | |
| 天眼/马瑞芳著.-北京:北京出版社,1998.01 |
| 644页;32开 |
| ISBN 7-200-03048-1:23.00元 |
| ● |
| 相关链接 |
|
|
|
正题名:天眼
索取号:I247.57/M251
 
预约/预借
| 序号 | 登录号 | 条形码 | 馆藏地/架位号 | 状态 | 备注 |
| 1 | 104582 | 201045822 | 文学库108/ [索取号:I247.57/M251] | 在馆 | |
| 2 | 104583 | 201045831 | 社科二线422/422社科库 2排1列6层/ [索取号:I247.57/M251] | 在馆 | |
| 3 | 104584 | 201045840 | 社科二线422/422社科库 2排1列6层/ [索取号:I247.57/M251] | 在馆 | |
| 4 | 104585 | 201045859 | 社科二线422/422社科库 2排1列6层/ [索取号:I247.57/M251] | 在馆 | |
| 5 | 104586 | 201045868 | 文学库108/ [索取号:I247.57/M251] | 在馆 |